[Event "Europa ch s-18 femenino"]
[Site "Herceg Novi MNT"]
[Date "2008.09.21"]
[Round "6.1"]
[White "Nemcova, Katerina"]
[Black "Girya, Olga"]
[Result "1-0"]
[WhiteElo "2372"]
[BlackElo "2350"]
[PlyCount "115"]
[EventDate "2008.09.15"]
[EventType "swiss"]
[EventRounds "9"]
[Source "lmi"]
[SourceDate "2008.09.15"]

1. e4 c5 2. Nf3 e6 3. d4 cxd4 4. Nxd4 a6 5. Nc3 b5 6. a3 Bb7 7. Bd3 Nc6 8. Be3
Qc7 9. O-O Nf6 10. Nb3 d6 11. f4 Be7 12. Qf3 b4 13. axb4 Nxb4 14. Na5 Rc8 15.
Nxb7 Qxb7 16. Bd4 O-O 17. Rf2 Rb8 18. b3 Nxd3 19. Qxd3 e5 20. fxe5 dxe5 21.
Bxe5 Ng4 22. Qg3 Nxe5 23. Qxe5 Bf6 24. Rxf6 gxf6 25. Qg3+ Kh8 26. Nd5 Qa7+ 27.
Kh1 Qd4 28. Rf1 Rbd8 29. Qf3 Rd6 30. Nxf6 Rfd8 31. h3 Re6 32. Qf5 Rxf6 33.
Qxf6+ Qxf6 34. Rxf6 Rd2 35. c4 Rb2 36. Rb6 a5 37. c5 Rc2 38. Rb5 Rc3 39. Kg1
Kg7 40. Kf2 Kf6 41. Rxa5 Rxb3 42. Ra6+ Ke5 43. Rh6 Kxe4 44. Rxh7 f5 45. c6 Rb2+
46. Kg1 Rc2 47. c7 Kf4 48. Kf1 Kg3 49. Rg7+ Kf4 50. Ke1 Ke5 51. Kd1 Rc5 52. Kd2
Kf6 53. Rh7 Kg6 54. Rd7 Kg5 55. Kd3 Rc1 56. Kd4 Kf4 57. Kd5 Kg3 58. Rg7+ 1-0

[Event "Europa ch s-18 femenino"]
[Site "Herceg Novi MNT"]
[Date "2008.09.21"]
[Round "6.3"]
[White "Guadamuro Torrente, Anabel"]
[Black "Fuchs, Judith"]
[Result "0-1"]
[WhiteElo "2105"]
[BlackElo "2197"]
[PlyCount "90"]
[EventDate "2008.09.15"]
[EventType "swiss"]
[EventRounds "9"]
[Source "lmi"]
[SourceDate "2008.09.15"]

1. e4 c5 2. Nf3 Nc6 3. d4 cxd4 4. Nxd4 Nf6 5. Nc3 d6 6. Be2 e5 7. Nf3 h6 8. O-O
Be7 9. Re1 O-O 10. h3 a6 11. Bf1 Qc7 12. Nd5 Nxd5 13. exd5 Nb8 14. c4 a5 15. a3
a4 16. Be3 Nd7 17. Nd2 b6 18. Ne4 Nc5 19. Nc3 Bd7 20. Qh5 f5 21. f4 e4 22. Kh1
Be8 23. Qd1 Bf6 24. Rc1 Bh4 25. Re2 Nd3 26. Rb1 Bg3 27. Rc2 Bxf4 28. Bxf4 Nxf4
29. Rf2 Ng6 30. Qe2 Bd7 31. Qh5 Ne5 32. Nb5 Qc5 33. Rd2 Nxc4 34. Bxc4 Bxb5 35.
Bxb5 Qxb5 36. Rc1 Rac8 37. Rxc8 Qf1+ 38. Kh2 Rxc8 39. Rd1 Qf4+ 40. Kg1 Rc1 41.
Rxc1 Qxc1+ 42. Kh2 Qxb2 43. Qe8+ Kh7 44. Qf7 Qe5+ 45. Kg1 e3 0-1

[Event "Europa ch s-18 femenino"]
[Site "Herceg Novi MNT"]
[Date "2008.09.21"]
[Round "6.5"]
[White "Pavlidou, Ekaterini"]
[Black "Mader, Manuela"]
[Result "1-0"]
[WhiteElo "2034"]
[BlackElo "2155"]
[PlyCount "83"]
[EventDate "2008.09.15"]
[EventType "swiss"]
[EventRounds "9"]
[Source "lmi"]
[SourceDate "2008.09.15"]

1. d4 Nf6 2. c4 g6 3. Nc3 Bg7 4. e4 d6 5. Nf3 O-O 6. Be2 Bg4 7. h3 Bxf3 8. Bxf3
Nfd7 9. Be3 Nc6 10. Qd2 e5 11. dxe5 Ncxe5 12. Be2 Re8 13. O-O Nb6 14. b3 Nc6
15. Rac1 Bxc3 16. Rxc3 Rxe4 17. Bd3 Re8 18. f4 f5 19. Rcc1 Nd7 20. c5 d5 21.
Rfd1 Nf6 22. Bf2 Ne4 23. Bxe4 dxe4 24. Qb2 Qe7 25. Be3 Rad8 26. b4 Qe6 27. b5
Ne7 28. Bd4 Nd5 29. Be5 Qf7 30. c6 b6 31. Qb3 e3 32. Re1 g5 33. g3 gxf4 34.
gxf4 Kf8 35. Kh2 Rxe5 36. fxe5 f4 37. Rcd1 Ke8 38. Qc4 f3 39. Rxe3 f2 40. e6
Qh5 41. Qe2 Qg5 42. Qxf2 1-0

[Event "Europa ch s-18 femenino"]
[Site "Herceg Novi MNT"]
[Date "2008.09.21"]
[Round "6.7"]
[White "Baptista, Ana Filipa"]
[Black "Vasile, Teodora"]
[Result "1-0"]
[WhiteElo "2137"]
[BlackElo "1932"]
[PlyCount "87"]
[EventDate "2008.09.15"]
[EventType "swiss"]
[EventRounds "9"]
[Source "lmi"]
[SourceDate "2008.09.15"]

1. e4 e5 2. Nf3 d6 3. d4 Nf6 4. Nc3 Nbd7 5. Bc4 Be7 6. O-O c6 7. a4 a5 8. Re1
O-O 9. Bg5 Qc7 10. dxe5 dxe5 11. Nh4 g6 12. Qf3 Kg7 13. Rad1 Nc5 14. Qg3 Nh5
15. Qe3 Bxg5 16. Qxg5 h6 17. Qe3 Qe7 18. Nf3 Bg4 19. Rd2 Rad8 20. Red1 Rxd2 21.
Rxd2 Nf4 22. b3 Bxf3 23. Qxf3 Rd8 24. Rxd8 Qxd8 25. g3 Nfe6 26. Bxe6 Nxe6 27.
Qe3 Qd4 28. Qe1 Qb4 29. Kg2 Nd4 30. Qd2 Qc5 31. Qe3 b6 32. Qd2 b5 33. Qe3 b4
34. Ne2 Qd6 35. Qd3 Kf8 36. Nxd4 Qxd4 37. Qxd4 exd4 38. Kf3 f6 39. Ke2 Ke7 40.
Kd3 c5 41. Kc4 Kd6 42. f4 h5 43. h4 f5 44. e5+ 1-0

[Event "Europa ch s-18 femenino"]
[Site "Herceg Novi MNT"]
[Date "2008.09.21"]
[Round "6.8"]
[White "Ni, Viktorija"]
[Black "Hortensius, Lisa"]
[Result "1-0"]
[WhiteElo "2129"]
[BlackElo "2028"]
[PlyCount "97"]
[EventDate "2008.09.15"]
[EventType "swiss"]
[EventRounds "9"]
[Source "lmi"]
[SourceDate "2008.09.15"]

1. d4 d5 2. c4 e6 3. Nc3 Nf6 4. cxd5 exd5 5. Bg5 Be7 6. Qc2 O-O 7. e3 Nbd7 8.
Bd3 c6 9. Nge2 Re8 10. O-O Nf8 11. f3 h6 12. Bh4 Ne6 13. Rad1 Kh8 14. Qd2 a6
15. Bb1 b5 16. Qd3 g6 17. e4 Kg7 18. e5 Nh7 19. Bxe7 Qxe7 20. f4 Nd8 21. Ng3
Nf8 22. f5 Qg5 23. Qf3 Ra7 24. Nce2 h5 25. Nf4 Kg8 26. Qc3 h4 27. Nge2 Bxf5 28.
Bxf5 gxf5 29. Nh3 Qg6 30. Nef4 Qh7 31. Qc5 Rd7 32. Qc2 Nfe6 33. Qe2 Ng7 34. Rd3
Qh6 35. Ra3 Ra7 36. Qc2 Ree7 37. Qc5 Reb7 38. Ra5 Nge6 39. Qd6 Rd7 40. Qa3 Qh7
41. Rxa6 Rac7 42. Ra8 Nxd4 43. Qe3 N4e6 44. Nxe6 fxe6 45. Qg5+ Qg7 46. Rxd8+
Kf7 47. Qh5+ Qg6 48. Ng5+ Kg7 49. Qh8# 1-0

[Event "Europa ch s-18 femenino"]
[Site "Herceg Novi MNT"]
[Date "2008.09.21"]
[Round "6.9"]
[White "Mareckova, Martina"]
[Black "Tsirulnik, Maritsa"]
[Result "0-1"]
[WhiteElo "2042"]
[BlackElo "2110"]
[PlyCount "120"]
[EventDate "2008.09.15"]
[EventType "swiss"]
[EventRounds "9"]
[Source "lmi"]
[SourceDate "2008.09.15"]

1. e4 c5 2. Nc3 e6 3. g3 Nc6 4. Bg2 g6 5. d3 Bg7 6. f4 Nge7 7. Nf3 O-O 8. O-O
d6 9. Be3 Nd4 10. Qd2 Rb8 11. Nd1 b6 12. c3 Nxf3+ 13. Bxf3 Ba6 14. Bf2 e5 15.
Ne3 Bb7 16. Nd5 Nxd5 17. exd5 exf4 18. Qxf4 Qf6 19. Qxf6 Bxf6 20. Rfe1 Ba6 21.
Rad1 Rfe8 22. Be3 Rbd8 23. Kf2 Kg7 24. Rd2 Re7 25. Bf4 Rxe1 26. Kxe1 g5 27. Be3
Re8 28. Kf2 Bd8 29. Re2 Kg6 30. c4 f5 31. g4 Bc8 32. h3 Bf6 33. b3 Bd7 34. Bd2
Bd4+ 35. Kf1 Rxe2 36. Kxe2 Kf6 37. Be1 h6 38. Bg3 Be5 39. Be1 Be8 40. Bd2 Bd4
41. Be1 Bd7 42. Bg3 Be5 43. Be1 Kg6 44. Bd2 Be8 45. gxf5+ Kxf5 46. Be4+ Kf6 47.
Be3 Bd7 48. Bg2 b5 49. Kf3 b4 50. h4 gxh4 51. Bxh6 Bf5 52. Ke2 h3 53. Bf1 Kg6
54. Be3 h2 55. Bg2 Kh5 56. Bc1 Kg4 57. Be3 Kg3 58. Bh1 Bg4+ 59. Kf1 Bh3+ 60.
Ke2 Bg2 0-1

[Event "Europa ch s-18 femenino"]
[Site "Herceg Novi MNT"]
[Date "2008.09.21"]
[Round "6.10"]
[White "Gosciniak, Maria"]
[Black "Wierzbicka, Wiktoria"]
[Result "1-0"]
[WhiteElo "2096"]
[BlackElo "2033"]
[PlyCount "95"]
[EventDate "2008.09.15"]
[EventType "swiss"]
[EventRounds "9"]
[Source "lmi"]
[SourceDate "2008.09.15"]

1. e4 c5 2. Nf3 d6 3. d4 cxd4 4. Nxd4 Nf6 5. Nc3 a6 6. Bc4 e6 7. Bb3 Be7 8. O-O
Nc6 9. Be3 O-O 10. f4 Nxd4 11. Bxd4 b5 12. e5 dxe5 13. fxe5 Nd7 14. Ne4 Bb7 15.
Nd6 Bxd6 16. exd6 Qg5 17. Qe2 e5 18. Be3 Qg6 19. Rad1 Kh8 20. c4 f5 21. Bc2
bxc4 22. Rf2 Rac8 23. Qf1 e4 24. Bf4 Qe6 25. b3 Bd5 26. b4 Ne5 27. Bxe5 Qxe5
28. Rfd2 Be6 29. d7 Rcd8 30. Rd4 e3 31. Qe1 f4 32. Qh4 h6 33. Re4 Qf6 34. Qxf6
Rxf6 35. Rd6 Bxd7 36. Rxd7 Rdf8 37. Bd1 c3 38. Rc4 Re6 39. Be2 Rb6 40. a3 a5
41. Rdd4 axb4 42. axb4 Ra6 43. Rxc3 Ra1+ 44. Rd1 Ra2 45. Kf1 g5 46. h3 h5 47.
Rc5 Rg8 48. Ke1 1-0

[Event "Europa ch s-18 femenino"]
[Site "Herceg Novi MNT"]
[Date "2008.09.21"]
[Round "6.11"]
[White "Nowak, Malgorzata"]
[Black "Dvoranova, Maria"]
[Result "1-0"]
[WhiteElo "2052"]
[BlackElo "1891"]
[PlyCount "89"]
[EventDate "2008.09.15"]
[EventType "swiss"]
[EventRounds "9"]
[Source "lmi"]
[SourceDate "2008.09.15"]

1. d4 Nf6 2. c4 d6 3. Nf3 g6 4. Nc3 Bg7 5. e4 O-O 6. Be2 e5 7. O-O Nbd7 8. Re1
c6 9. Bf1 h6 10. Rb1 Re8 11. d5 c5 12. a3 Rf8 13. b4 Ne8 14. g3 f5 15. Nh4 Qf6
16. exf5 gxf5 17. Bb2 Rf7 18. f4 Re7 19. Qh5 cxb4 20. axb4 Nf8 21. fxe5 dxe5
22. c5 Qf7 23. Qxf7+ Rxf7 24. Bc4 Kh7 25. d6 Be6 26. Nd5 e4 27. Bxg7 Kxg7 28.
Ng2 Ng6 29. Ngf4 Nxf4 30. gxf4 Kf8 31. Kf2 Rb8 32. h3 Nf6 33. Ne3 Bxc4 34. Nxc4
Nd5 35. Ne5 Rg7 36. Rg1 Nxf4 37. Rxg7 Kxg7 38. Ke3 Nxh3 39. d7 Ng5 40. c6 Ne6
41. Rg1+ Kf8 42. Rg6 Nc7 43. cxb7 Nd5+ 44. Kd4 Nxb4 45. Nc6 1-0

[Event "Europa ch s-18 femenino"]
[Site "Herceg Novi MNT"]
[Date "2008.09.21"]
[Round "6.12"]
[White "Kasperek, Joanna"]
[Black "Kalashyan, Varduhi"]
[Result "0-1"]
[WhiteElo "2041"]
[BlackElo "2049"]
[PlyCount "88"]
[EventDate "2008.09.15"]
[EventType "swiss"]
[EventRounds "9"]
[Source "lmi"]
[SourceDate "2008.09.15"]

1. e4 c5 2. Nf3 d6 3. d4 cxd4 4. Nxd4 Nf6 5. Nc3 a6 6. Bg5 e6 7. f4 Nbd7 8. Qf3
Qc7 9. O-O-O b5 10. f5 b4 11. Na4 e5 12. Ne6 fxe6 13. fxe6 Nb8 14. Bxf6 gxf6
15. Qxf6 Bg7 16. Qf5 Nc6 17. Be2 Nd4 18. Bh5+ Kd8 19. Qg5+ Qe7 20. Qxe7+ Kxe7
21. Nb6 Bxe6 22. Nxa8 Rxa8 23. Rd3 Rc8 24. c3 Bxa2 25. Kd2 Bh6+ 26. Ke1 bxc3
27. Rxc3 Rxc3 28. bxc3 Nc2+ 29. Kf2 a5 30. g4 a4 31. h4 Be3+ 32. Kg3 a3 33. g5
Bf4+ 34. Kf2 Bb3 35. Bd1 a2 36. Bxc2 Bxc2 37. Ra1 Bb1 38. Kf3 Bd2 39. Kg4 Bxc3
40. Rxa2 Bxa2 41. h5 Be6+ 42. Kf3 d5 43. g6 hxg6 44. h6 Kf7 0-1

[Event "Europa ch s-18 femenino"]
[Site "Herceg Novi MNT"]
[Date "2008.09.21"]
[Round "6.13"]
[White "Demidowicz, Maria"]
[Black "Tonel, Giulia"]
[Result "1-0"]
[WhiteElo "2032"]
[BlackElo "1983"]
[PlyCount "79"]
[EventDate "2008.09.15"]
[EventType "swiss"]
[EventRounds "9"]
[Source "lmi"]
[SourceDate "2008.09.15"]

1. e4 c5 2. Nf3 Nc6 3. d4 cxd4 4. Nxd4 e5 5. Nb5 d6 6. N1c3 a6 7. Na3 Be6 8.
Nc4 Be7 9. Ne3 Nf6 10. g3 O-O 11. Bg2 Qd7 12. Ncd5 Bd8 13. O-O b5 14. c4 Bxd5
15. exd5 Nd4 16. f4 Bb6 17. fxe5 dxe5 18. Kh1 Rac8 19. b3 Ne8 20. Qh5 f6 21.
Bh3 Qb7 22. Bxc8 Qxc8 23. Ba3 Rf7 24. Nf5 Qb7 25. Nxd4 Bxd4 26. Rab1 g6 27. Qe2
Nc7 28. Qg2 f5 29. d6 Qxg2+ 30. Kxg2 Ne6 31. Rbc1 Nd8 32. cxb5 axb5 33. Rc8 Rd7
34. Rc7 Rf7 35. Rfc1 Bb6 36. Rxf7 Kxf7 37. Rc7+ Ke6 38. Rxh7 e4 39. Re7+ Kd5
40. d7 1-0

[Event "Europa ch s-18 femenino"]
[Site "Herceg Novi MNT"]
[Date "2008.09.21"]
[Round "6.14"]
[White "Rakic, Marija"]
[Black "Dirksen, Marieke"]
[Result "1-0"]
[WhiteElo "2276"]
[BlackElo "1933"]
[PlyCount "85"]
[EventDate "2008.09.15"]
[EventType "swiss"]
[EventRounds "9"]
[Source "lmi"]
[SourceDate "2008.09.15"]

1. d4 Nf6 2. c4 g6 3. Nc3 Bg7 4. e4 d6 5. h3 O-O 6. Be3 e5 7. d5 Na6 8. g4 Nc5
9. Bg2 a5 10. Nge2 Bd7 11. Ng3 Rb8 12. Bf1 Ne8 13. Qd2 c6 14. O-O-O cxd5 15.
Nxd5 Be6 16. Kb1 Kh8 17. Be2 b6 18. h4 Qc8 19. h5 Bxd5 20. cxd5 Qd7 21. g5 Kg8
22. hxg6 fxg6 23. Rh4 Nc7 24. Rdh1 Bh8 25. Bg4 Qe7 26. Nf5 gxf5 27. Bxf5 Rxf5
28. exf5 Qf7 29. Qc2 Nxd5 30. Rxh7 Bg7 31. g6 Qf6 32. Bh6 Bxh6 33. R1xh6 Nb4
34. Rh8+ Qxh8 35. Rxh8+ Kxh8 36. Qd2 Kg7 37. Qxd6 Rc8 38. Qxe5+ Kh6 39. Qh2+
Kg5 40. Qg3+ Kf6 41. Qc3+ Kg5 42. g7 Rd8 43. g8=R+ 1-0

[Event "Europa ch s-18 femenino"]
[Site "Herceg Novi MNT"]
[Date "2008.09.21"]
[Round "6.15"]
[White "Vladimirova, Maria"]
[Black "Zhorzholiani, Meri"]
[Result "1/2-1/2"]
[WhiteElo "2009"]
[BlackElo "2136"]
[PlyCount "78"]
[EventDate "2008.09.15"]
[EventType "swiss"]
[EventRounds "9"]
[Source "lmi"]
[SourceDate "2008.09.15"]

1. e4 c5 2. Nf3 d6 3. Bb5+ Bd7 4. Bxd7+ Qxd7 5. O-O Nc6 6. c3 Nf6 7. Re1 e6 8.
d4 cxd4 9. cxd4 d5 10. e5 Ne4 11. Nbd2 Nxd2 12. Bxd2 Be7 13. Rc1 O-O 14. a3 a5
15. Rc3 f6 16. exf6 Bxf6 17. Bg5 Qf7 18. Bxf6 Qxf6 19. Rce3 Rae8 20. R1e2 Qh6
21. Ne5 Nxe5 22. Rxe5 Rc8 23. Re1 Qf4 24. Qe2 Qxd4 25. Rxe6 Rc6 26. Re8 Rcf6
27. Rxf8+ Rxf8 28. h3 Qc5 29. Rd1 Kh8 30. Qd2 Rd8 31. Qg5 Qd6 32. Rd4 h6 33.
Qd2 b6 34. Qd3 Re8 35. Qd2 Rd8 36. Qd3 Qe5 37. Qd2 Rd7 38. Qe3 Qd6 39. Qd2 Kg8
1/2-1/2

[Event "Europa ch s-18 femenino"]
[Site "Herceg Novi MNT"]
[Date "2008.09.21"]
[Round "6.16"]
[White "Novosadova, Kristyna"]
[Black "Topic, Jelena"]
[Result "1-0"]
[WhiteElo "2038"]
[BlackElo "1866"]
[PlyCount "117"]
[EventDate "2008.09.15"]
[EventType "swiss"]
[EventRounds "9"]
[Source "lmi"]
[SourceDate "2008.09.15"]

1. e4 c5 2. Nf3 d6 3. d4 cxd4 4. Nxd4 Nf6 5. Nc3 a6 6. Be3 e5 7. Nb3 Be6 8. f3
h5 9. Be2 Nbd7 10. Qd2 b5 11. a4 b4 12. Nd5 Bxd5 13. exd5 Be7 14. a5 Qc7 15.
O-O O-O 16. Rfd1 Qb7 17. Rac1 Rfc8 18. Kh1 Bd8 19. Qd3 Nf8 20. Bf1 Ng6 21. g3
Ne7 22. Bg2 Qb5 23. Qxb5 axb5 24. Bg5 Bxa5 25. f4 Ng6 26. fxe5 Nxe5 27. Bxf6
gxf6 28. Nd4 Bb6 29. Bf1 Ng4 30. Rd2 b3 31. Nxb3 Be3 32. Bxb5 Rab8 33. Bd7 Rc7
34. Bxg4 hxg4 35. Rcd1 Bxd2 36. Rxd2 Rb4 37. Kg2 Kg7 38. Kf2 Kg6 39. Ke3 Re7+
40. Kd3 Re5 41. Kc3 Rbe4 42. Nc1 Re3+ 43. Kb4 R5e4+ 44. Kb5 Re1 45. Nd3 Ra1 46.
b4 Kg5 47. Kc6 Rc4+ 48. Kxd6 Ra6+ 49. Kd7 Rd4 50. Nc5 Ra7+ 51. Kc6 Rxd2 52.
Ne4+ Kf5 53. Nxd2 Ra2 54. Nb3 Ra6+ 55. Kc5 Ke5 56. Nd4 f5 57. b5 Ra8 58. Nc6+
Kf6 59. b6 1-0

[Event "Europa ch s-18 femenino"]
[Site "Herceg Novi MNT"]
[Date "2008.09.21"]
[Round "6.18"]
[White "Dudas, Eszter"]
[Black "Purgar, Ivona"]
[Result "1-0"]
[WhiteElo "2108"]
[BlackElo "2026"]
[PlyCount "73"]
[EventDate "2008.09.15"]
[EventType "swiss"]
[EventRounds "9"]
[Source "lmi"]
[SourceDate "2008.09.15"]

1. e4 c5 2. Nf3 e6 3. Qe2 Nf6 4. e5 Nd5 5. c4 Nb4 6. d4 cxd4 7. Nxd4 N8c6 8.
Nf3 d5 9. exd6 Bxd6 10. Be3 Qa5 11. Nc3 Be5 12. Nxe5 Nxe5 13. Qd2 O-O 14. Rd1
Nbc6 15. Be2 b6 16. O-O Ba6 17. b3 Rad8 18. Qc1 Bb7 19. a3 Ng6 20. Nb5 Ba8 21.
b4 Qa6 22. Nd6 Rxd6 23. Rxd6 Qb7 24. f3 Nce5 25. Qc3 Ng4 26. Rfd1 Nxe3 27. Qxe3
Qc8 28. c5 bxc5 29. Qxc5 Qb8 30. Rd7 Nf4 31. Bf1 Nd5 32. Qxa7 Qe5 33. Qd4 Qg5
34. Kh1 Nf6 35. Rd8 Bd5 36. Rxf8+ Kxf8 37. Qc5+ 1-0

[Event "Europa ch s-18 femenino"]
[Site "Herceg Novi MNT"]
[Date "2008.09.21"]
[Round "6.19"]
[White "Chiarion, Elisa"]
[Black "Chierici, Marianna"]
[Result "0-1"]
[WhiteElo "1897"]
[BlackElo "2037"]
[PlyCount "76"]
[EventDate "2008.09.15"]
[EventType "swiss"]
[EventRounds "9"]
[Source "lmi"]
[SourceDate "2008.09.15"]

1. b4 Nf6 2. Bb2 d6 3. e3 g6 4. f4 Bg7 5. Nf3 Nbd7 6. Be2 O-O 7. O-O c6 8. c4
e5 9. fxe5 Ng4 10. Qb3 Ndxe5 11. Nxe5 Bxe5 12. Bxe5 dxe5 13. Qc3 Qg5 14. Na3
Nf6 15. Kh1 Be6 16. d4 Ne4 17. Qc1 Rad8 18. Bf3 Nf6 19. Qc3 e4 20. Bd1 h5 21.
d5 Ng4 22. Bxg4 Bxg4 23. dxc6 Rd3 24. Qb2 bxc6 25. b5 Qxe3 26. Nc2 Qg5 27. Nb4
Rd2 28. Qc3 Bf3 29. Qxd2 Qxd2 30. gxf3 Qxb4 31. bxc6 Qd6 32. c5 Qxc6 33. Rac1
exf3 34. Rf2 Re8 35. Kg1 Re2 36. a3 Qe4 37. Rcf1 Qg4+ 38. Kh1 Qg2+ 0-1

[Event "Europa ch s-18 femenino"]
[Site "Herceg Novi MNT"]
[Date "2008.09.21"]
[Round "6.20"]
[White "Asgarova, Turan Nizami Qizi"]
[Black "Braggaar, Leonore"]
[Result "0-1"]
[WhiteElo "2008"]
[BlackElo "1967"]
[PlyCount "58"]
[EventDate "2008.09.15"]
[EventType "swiss"]
[EventRounds "9"]
[Source "lmi"]
[SourceDate "2008.09.15"]

1. e4 e5 2. Nf3 Nc6 3. d4 exd4 4. c3 dxc3 5. Nxc3 d6 6. Bc4 Nf6 7. Qb3 Qd7 8.
Ng5 Ne5 9. Bb5 c6 10. f4 cxb5 11. fxe5 dxe5 12. Be3 Bd6 13. Rd1 O-O 14. Nxb5
Ne8 15. O-O h6 16. Nxd6 Nxd6 17. Nxf7 Rxf7 18. Rxd6 Qxd6 19. Qxf7+ Kh7 20. h4
Be6 21. Qf2 Qb4 22. Qf3 Qxb2 23. h5 Qb4 24. Rc1 Rf8 25. Qg3 Qxe4 26. Rc5 Qb1+
27. Kh2 Rf1 28. Qxe5 Qe1 29. Bf2 Qxf2 0-1

[Event "Europa ch s-18 femenino"]
[Site "Herceg Novi MNT"]
[Date "2008.09.21"]
[Round "6.22"]
[White "Brandenburg, Lucia"]
[Black "Di Cerbo, Giulia"]
[Result "1-0"]
[WhiteElo "1926"]
[BlackElo "1795"]
[PlyCount "101"]
[EventDate "2008.09.15"]
[EventType "swiss"]
[EventRounds "9"]
[Source "lmi"]
[SourceDate "2008.09.15"]

1. e4 e6 2. d4 d5 3. Nd2 dxe4 4. Nxe4 Bd7 5. Nf3 Bc6 6. Bd3 Nd7 7. O-O Ngf6 8.
Ned2 Be7 9. Nc4 b6 10. Nce5 Nxe5 11. Nxe5 Qd5 12. Nxc6 Qxc6 13. Qe2 O-O-O 14.
Be3 Qd6 15. Ba6+ Kb8 16. c4 Ne4 17. f3 Nf6 18. Rfd1 h5 19. a4 h4 20. a5 Nh5 21.
axb6 cxb6 22. Ra4 e5 23. Rd3 Nf4 24. Bxf4 exf4 25. Qe4 Qc7 26. c5 Bxc5 27. dxc5
Rxd3 28. Bxd3 Qxc5+ 29. Kf1 Qc1+ 30. Ke2 Qxb2+ 31. Bc2 Qb5+ 32. Qc4 Re8+ 33.
Kf2 Qe5 34. Qxf4 g5 35. Qxe5+ Rxe5 36. f4 Rc5 37. Bb3 f6 38. Rd4 Kc7 39. Rc4
Kd6 40. Rxc5 Kxc5 41. fxg5 fxg5 42. Kf3 Kb4 43. Be6 a5 44. Kg4 a4 45. Kxg5 b5
46. Kxh4 Kc3 47. Kg5 b4 48. h4 b3 49. h5 b2 50. Ba2 Kc2 51. h6 1-0

[Event "Europa ch s-18 femenino"]
[Site "Herceg Novi MNT"]
[Date "2008.09.21"]
[Round "6.23"]
[White "Orehek, Spela"]
[Black "Finnbogadottir, Tinna Kristin"]
[Result "0-1"]
[WhiteElo "1886"]
[BlackElo "1655"]
[PlyCount "112"]
[EventDate "2008.09.15"]
[EventType "swiss"]
[EventRounds "9"]
[Source "lmi"]
[SourceDate "2008.09.15"]

1. e4 c5 2. c3 d5 3. exd5 Qxd5 4. d4 e6 5. Nf3 Nf6 6. Be2 Be7 7. O-O O-O 8. c4
Qd8 9. Nc3 Nc6 10. dxc5 Bxc5 11. a3 b6 12. Bg5 Bb7 13. Qc2 h6 14. Rad1 Qe7 15.
Bh4 g5 16. Bg3 Nh5 17. Ne4 Nxg3 18. hxg3 f5 19. Nxc5 bxc5 20. Qc3 Rad8 21. Rfe1
g4 22. Ne5 Nxe5 23. Qxe5 Kf7 24. Bd3 Qd6 25. Bc2 Qc6 26. Be4 fxe4 27. Qh5+ Kg7
28. Qxg4+ Kh7 29. Qh4 Rde8 30. Rd2 e3 31. fxe3 Rf7 32. Qh5 Rg7 33. Red1 Rd8 34.
Qe5 Rxd2 35. Rxd2 Rg5 36. Qf4 Qe4 37. Qxe4+ Bxe4 38. Rd6 Rxg3 39. Rxe6 Rxg2+
40. Kf1 Rg4 41. Re7+ Kg6 42. Rxa7 Bd3+ 43. Kf2 Rxc4 44. Rb7 h5 45. b4 h4 46.
bxc5 Rc2+ 47. Kf3 h3 48. Rb1 Rxc5 49. Rg1+ Kf6 50. e4 Rh5 51. a4 Rh7 52. Rh1
Bc4 53. a5 Ke5 54. Ra1 Rh6 55. Rc1 Bd3 56. Re1 h2 0-1

[Event "Europa ch s-18 femenino"]
[Site "Herceg Novi MNT"]
[Date "2008.09.21"]
[Round "6.26"]
[White "Vartic, Irina"]
[Black "Veleska, Viktorija"]
[Result "0-1"]
[WhiteElo "1836"]
[BlackElo "1700"]
[PlyCount "82"]
[EventDate "2008.09.15"]
[EventType "swiss"]
[EventRounds "9"]
[Source "lmi"]
[SourceDate "2008.09.15"]

1. e4 g6 2. d4 Bg7 3. Nc3 c6 4. f4 d5 5. e5 Nh6 6. Nf3 Bg4 7. Be2 e6 8. Be3 Nf5
9. Bf2 Qb6 10. Na4 Qc7 11. h3 Bxf3 12. Bxf3 Nd7 13. g4 Ne7 14. Qd2 b6 15. O-O
O-O 16. Bh4 f6 17. Rae1 Kf7 18. f5 fxe5 19. f6 Bxf6 20. Bxf6 Nxf6 21. dxe5 Nxg4
22. Bxg4+ Nf5 23. Qg5 Qe7 24. Qxe7+ Kxe7 25. Bxf5 gxf5 26. Kf2 Rg8 27. Rg1 Rg6
28. Nc3 Rag8 29. Ne2 c5 30. Nf4 Rg5 31. Rxg5 Rxg5 32. Rg1 Rxg1 33. Kxg1 Kf7 34.
Kf2 b5 35. Kg3 a5 36. Nd3 c4 37. Nc5 d4 38. Kf4 b4 39. b3 d3 40. cxd3 c3 41.
Ke3 f4+ 0-1

[Event "Europa ch s-18 femenino"]
[Site "Herceg Novi MNT"]
[Date "2008.09.21"]
[Round "6.27"]
[White "Naydenova, Yordanka"]
[Black "Balcaite, Agne"]
[Result "0-1"]
[WhiteElo "1807"]
[BlackElo "1830"]
[PlyCount "82"]
[EventDate "2008.09.15"]
[EventType "swiss"]
[EventRounds "9"]
[Source "lmi"]
[SourceDate "2008.09.15"]

1. e4 c5 2. Nc3 Nc6 3. g3 g6 4. Bg2 Bg7 5. d3 e6 6. Be3 d6 7. Qd2 b6 8. Nd1 Ba6
9. Ne2 Rc8 10. Rb1 d5 11. f4 dxe4 12. Bxe4 Nf6 13. Bf3 O-O 14. O-O Bb7 15. Ndc3
Na5 16. Kg2 Bxf3+ 17. Rxf3 Nd5 18. Nxd5 Qxd5 19. b3 Nc6 20. c3 Rfd8 21. Rd1 e5
22. g4 e4 23. dxe4 Qxe4 24. Qc1 Rxd1 25. Qxd1 Rd8 26. Qc1 Rd3 27. Kf2 Qd5 28.
Qc2 Qd8 29. Kg3 Ne7 30. Nd4 Rxe3 31. Rxe3 cxd4 32. cxd4 Nd5 33. Rf3 g5 34. fxg5
Qxg5 35. Qc8+ Bf8 36. Rf5 Qe3+ 37. Kh4 Nf4 38. Rxf4 Qxf4 39. d5 Qxh2+ 40. Kg5
Qe5+ 41. Kh4 Qxd5 0-1

[Event "Europa ch s-18 femenino"]
[Site "Herceg Novi MNT"]
[Date "2008.09.22"]
[Round "7.2"]
[White "Girya, Olga"]
[Black "Fuchs, Judith"]
[Result "1-0"]
[WhiteElo "2350"]
[BlackElo "2197"]
[PlyCount "117"]
[EventDate "2008.09.15"]
[EventType "swiss"]
[EventRounds "9"]
[Source "lmi"]
[SourceDate "2008.09.15"]

1. e4 e5 2. Nf3 Nc6 3. Nc3 Nf6 4. Bb5 Bd6 5. d4 exd4 6. Nxd4 O-O 7. O-O a6 8.
Ba4 Re8 9. Nf5 Bf8 10. Qf3 b5 11. Bb3 d5 12. Nxd5 Bxf5 13. Qxf5 Nxe4 14. Be3
Nd6 15. Qh3 Na5 16. Rad1 Nxb3 17. axb3 Qc8 18. Qxc8 Raxc8 19. Bf4 h6 20. Ra1
Re2 21. Ne3 g5 22. Bxd6 Bxd6 23. Rfd1 Re8 24. Kf1 R8xe3 25. fxe3 Rxc2 26. Rxa6
Rxb2 27. Rd3 Kg7 28. h3 b4 29. Ra5 Kg6 30. e4 f6 31. Rb5 h5 32. Rf5 h4 33. Rf2
Rb1+ 34. Ke2 Rb2+ 35. Kf3 Rxf2+ 36. Kxf2 Kf7 37. Ke3 Bc5+ 38. Ke2 Ke6 39. Rd5
Bd6 40. Kd3 Be5 41. Rb5 Bd6 42. Kc4 Be7 43. Rf5 Bd6 44. Kb5 Be7 45. Kc6 Bd6 46.
Rb5 Ke7 47. Rb8 Ke6 48. Re8+ Kf7 49. Kd7 Bf4 50. Re7+ Kg6 51. Ke6 Bd6 52. Rd7
Bf4 53. Rd8 Kg7 54. Kf5 Be5 55. Rd7+ Kf8 56. Ke6 c5 57. Kd5 Ke8 58. Rb7 Bd4 59.
Rc7 1-0

[Event "Europa ch s-18 femenino"]
[Site "Herceg Novi MNT"]
[Date "2008.09.22"]
[Round "7.3"]
[White "Danelia, Mariam"]
[Black "Baptista, Ana Filipa"]
[Result "1-0"]
[WhiteElo "2185"]
[BlackElo "2137"]
[PlyCount "113"]
[EventDate "2008.09.15"]
[EventType "swiss"]
[EventRounds "9"]
[Source "lmi"]
[SourceDate "2008.09.15"]

1. d4 Nf6 2. c4 e6 3. Nc3 Bb4 4. Qc2 O-O 5. a3 Bxc3+ 6. Qxc3 b6 7. Bg5 Bb7 8.
f3 d5 9. e3 Nbd7 10. Nh3 c5 11. cxd5 exd5 12. Bd3 h6 13. Bh4 Qe7 14. Bf2 cxd4
15. Qxd4 Qc5 16. O-O Qxd4 17. exd4 Rac8 18. Nf4 Rfe8 19. Ne2 Nb8 20. b4 Nc6 21.
Rac1 Nb8 22. Nc3 a6 23. Na4 Nfd7 24. Bg3 Bc6 25. Nxb6 Nxb6 26. Bxb8 Nc4 27.
Bxc4 dxc4 28. Ba7 Bd5 29. Kf2 Re6 30. Rfe1 Rce8 31. Rxe6 Rxe6 32. Bc5 f5 33. a4
Kf7 34. b5 axb5 35. axb5 Re8 36. Re1 Rxe1 37. Kxe1 g6 38. Kd2 Ke6 39. Bf8 h5
40. h4 Kd7 41. Kc3 Kc7 42. Kb4 Be6 43. Kc5 c3 44. Bh6 c2 45. Bf4+ Kb7 46. d5
Bd7 47. b6 Ba4 48. Be3 Bd7 49. f4 Bc8 50. Kd6 c1=Q 51. Bxc1 Kxb6 52. Be3+ Kb7
53. Bd4 Kb8 54. Ke7 Kc7 55. Be5+ Kb6 56. Kd8 Bb7 57. d6 1-0